THoát li sách giáo khoa trong dạy học tự nhiên - xã hội ở tiểu học /
محفوظ في:
| المؤلف الرئيسي: | |
|---|---|
| التنسيق: | مقال |
| اللغة: | Vietnamese |
| الموضوعات: | |
| الوسوم: |
إضافة وسم
لا توجد وسوم, كن أول من يضع وسما على هذه التسجيلة!
|
| Thư viện lưu trữ: | Thư viện Trường Đại học Đà Lạt |
|---|
| LEADER | 00806nam a2200277 4500 | ||
|---|---|---|---|
| 001 | DLU160176014 | ||
| 005 | ##20160520 | ||
| 040 | # | # | |a DLU |b vie |
| 041 | # | # | |a vie |
| 044 | # | # | |a vn |
| 100 | # | # | |a Đỗ Thị Nga. |
| 245 | # | # | |a THoát li sách giáo khoa trong dạy học tự nhiên - xã hội ở tiểu học / |c Đỗ Thị Nga. |
| 653 | # | # | |a Sách giáo khoa |
| 653 | # | # | |a Tự nhiên |
| 653 | # | # | |a Thoát li |
| 653 | # | # | |a Xã hội |
| 773 | # | # | |t Tạp chí Khoa học giáo dục |g Số 6(71), 2015, tr. 126-131 |
| 920 | # | # | |a Phòng Tạp chí -- Trung tâm Thông tin - Thư viện Trường Đại học Đà Lạt |
| 994 | # | # | |a DLU |
| 900 | # | # | |a True |
| 911 | # | # | |a Nguyễn Thị Mai Anh |
| 925 | # | # | |a G |
| 926 | # | # | |a A |
| 927 | # | # | |a BB |
| 980 | # | # | |a Thư viện Trường Đại học Đà Lạt |